Not a licence to kill : (Record no. 124245)
[ view plain ]
| 000 -LEADER | |
|---|---|
| fixed length control field | 00777nam a22002297a 4500 |
| 005 - DATE AND TIME OF LATEST TRANSACTION | |
| control field | 20170124105936.0 |
| 010 ## - LIBRARY OF CONGRESS CONTROL NUMBER | |
| LC control number | B-011691 |
| 020 ## - INTERNATIONAL STANDARD BOOK NUMBER | |
| Terms of availability | 00.00 |
| 035 ## - SYSTEM CONTROL NUMBER | |
| System control number | B-011691 |
| 037 ## - SOURCE OF ACQUISITION | |
| Source of stock number/acquisition | Cen Lib/Ret |
| 040 ## - CATALOGING SOURCE | |
| Original cataloging agency | DPL |
| Language of cataloging | EN |
| 082 ## - DEWEY DECIMAL CLASSIFICATION NUMBER | |
| Classification number | 363.2 |
| Item number | RAJ |
| 100 ## - MAIN ENTRY--PERSONAL NAME | |
| Personal name | Shekhar, Rajendra |
| 9 (RLIN) | 9944 |
| 245 ## - TITLE STATEMENT | |
| Title | Not a licence to kill : |
| Statement of responsibility, etc | by Rajendra Shekhar |
| Remainder of title | police needs paradigms -shift / |
| 260 ## - PUBLICATION, DISTRIBUTION, ETC. (IMPRINT) | |
| Place of publication, distribution, etc | New Delhi |
| Name of publisher, distributor, etc | Konark Publishers Pvt. Ltd. |
| Date of publication, distribution, etc | 1999 |
| 270 ## - ADDRESS | |
| Address | A-149, Main Vikas Marg |
| City | Delhi |
| Postal code | 110092 |
| 300 ## - PHYSICAL DESCRIPTION | |
| Extent | xi,298p. : |
| Dimensions | 21cm(Hb) |
| Other physical details | ill. |
| 500 ## - GENERAL NOTE | |
| General note | Includes bibliographical references and indexes. |
| 650 ## - SUBJECT ADDED ENTRY--TOPICAL TERM | |
| Topical term or geographic name as entry element | Police misconduct -- India. |
| 9 (RLIN) | 9945 |
| 650 ## - SUBJECT ADDED ENTRY--TOPICAL TERM | |
| Topical term or geographic name as entry element | Police administration -- India -- Public opinion. |
| 9 (RLIN) | 9946 |
| 942 ## - ADDED ENTRY ELEMENTS (KOHA) | |
| Source of classification or shelving scheme | Dewey Decimal Classification |
| Koha item type | English Books |
| Classification part | 363.2 |
| Call number suffix | RAJ |
| Withdrawn status | Lost status | Damaged status | Not for loan | Home library | Current library | Date acquired | Source of acquisition | Cost, normal purchase price | Total Checkouts | Full call number | Barcode | Date last seen | Copy number | Cost, replacement price | Price effective from | Koha item type | Public note |
|---|---|---|---|---|---|---|---|---|---|---|---|---|---|---|---|---|---|
| Written off | Central Library | Central Library | 15/06/2015 | Cen Lib/Ret | 0.00 | 363.2 RAJ | B-011691 | 15/06/2015 | 1 | 0.00 | 15/06/2015 | English Books | W/d List No. 6869/22 ; dtd 11/08/2020 |
